<?xml version="1.0" encoding="UTF-8"?>
<record
    xmlns:xsi="http://www.w3.org/2001/XMLSchema-instance"
    xsi:schemaLocation="http://www.loc.gov/MARC21/slim http://www.loc.gov/standards/marcxml/schema/MARC21slim.xsd"
    xmlns="http://www.loc.gov/MARC21/slim">

  <leader>02769cam a22004934a 4500</leader>
  <controlfield tag="001">muse12068</controlfield>
  <controlfield tag="003">MdBmJHUP</controlfield>
  <controlfield tag="005">20210127150950.0</controlfield>
  <controlfield tag="006">m     o  d        </controlfield>
  <controlfield tag="007">cr||||||||nn|n</controlfield>
  <controlfield tag="008">070510s2008    dcu     o      00 0 eng d</controlfield>
  <datafield tag="010" ind1=" " ind2=" ">
    <subfield code="z">  2007019460</subfield>
  </datafield>
  <datafield tag="020" ind1=" " ind2=" ">
    <subfield code="a">9781589014169</subfield>
  </datafield>
  <datafield tag="020" ind1=" " ind2=" ">
    <subfield code="a">1589014162</subfield>
  </datafield>
  <datafield tag="020" ind1=" " ind2=" ">
    <subfield code="z">9781589011922 (alk. paper)</subfield>
  </datafield>
  <datafield tag="020" ind1=" " ind2=" ">
    <subfield code="z">1589011929 (alk. paper)</subfield>
  </datafield>
  <datafield tag="035" ind1=" " ind2=" ">
    <subfield code="a">(OCoLC)471131020</subfield>
  </datafield>
  <datafield tag="040" ind1=" " ind2=" ">
    <subfield code="a">MdBmJHUP</subfield>
    <subfield code="c">MdBmJHUP</subfield>
  </datafield>
  <datafield tag="050" ind1="0" ind2="4">
    <subfield code="a">P40.5.L28</subfield>
    <subfield code="b">S87 2008</subfield>
  </datafield>
  <datafield tag="082" ind1="0" ind2=" ">
    <subfield code="a">306.44</subfield>
    <subfield code="2">22</subfield>
  </datafield>
  <datafield tag="245" ind1="1" ind2="0">
    <subfield code="a">Sustaining Linguistic Diversity</subfield>
    <subfield code="b">Endangered and Minority Languages and Language Varieties /</subfield>
    <subfield code="c">Kendall A. King ... [et al.], editors.</subfield>
  </datafield>
  <datafield tag="264" ind1=" " ind2="1">
    <subfield code="b">Georgetown University Press,</subfield>
  </datafield>
  <datafield tag="264" ind1=" " ind2="3">
    <subfield code="b">Project MUSE, </subfield>
  </datafield>
  <datafield tag="300" ind1=" " ind2=" ">
    <subfield code="a">1 online resource (viii, 238 p.) : </subfield>
    <subfield code="b">ill. ;</subfield>
  </datafield>
  <datafield tag="504" ind1=" " ind2=" ">
    <subfield code="a">Includes bibliographical references.</subfield>
  </datafield>
  <datafield tag="505" ind1="0" ind2=" ">
    <subfield code="a">Linguistic diversity, sustainability, and the future of the past / Suzanne Romaine -- When is an "extinct language" not extinct? / Wesley Y. Leonard -- Evaluating endangerment / M. Paul Lewis -- Endangered language varieties / Gregory R. Guy and Ana M.S. Zilles -- The linguistic negotiation of complex racialized identities by Black Appalachian speakers / Christine Mallinson -- Working at "9 to 5" Gaelic / Emily McEwan-Fujita -- Voice and biliteracy in indigenous language revitalization / Nancy H. Hornberger -- Endangering language vitality through institutional development / Tadhg O'hfearnain -- Scandinavian minority language policies in transition / Leena Huss -- Language development in Eritrea / Paul D. Fallon -- Indigenous language policies in social practice / Teresa L. McCarty, Mary Eunice Romero-Little, and Ofelia Zepeda -- Heritage language education in the United States / Joy Kreeft Peyton ... [et al.] -- Language diversity and the public interest / Walt Wolfram.</subfield>
  </datafield>
  <datafield tag="506" ind1="0" ind2=" ">
    <subfield code="a">Open Access</subfield>
    <subfield code="f">Unrestricted online access</subfield>
    <subfield code="2">star</subfield>
  </datafield>
  <datafield tag="588" ind1=" " ind2=" ">
    <subfield code="a">Description based on print version record.</subfield>
  </datafield>
  <datafield tag="650" ind1=" " ind2="0">
    <subfield code="a">Language policy</subfield>
    <subfield code="v">Congresses.</subfield>
  </datafield>
  <datafield tag="650" ind1=" " ind2="0">
    <subfield code="a">Language revival</subfield>
    <subfield code="v">Congresses.</subfield>
  </datafield>
  <datafield tag="650" ind1=" " ind2="0">
    <subfield code="a">Linguistic minorities</subfield>
    <subfield code="v">Congresses.</subfield>
  </datafield>
  <datafield tag="650" ind1=" " ind2="0">
    <subfield code="a">Language attrition</subfield>
    <subfield code="v">Congresses.</subfield>
  </datafield>
  <datafield tag="655" ind1=" " ind2="7">
    <subfield code="a">Electronic books. </subfield>
    <subfield code="2">local</subfield>
  </datafield>
  <datafield tag="700" ind1="1" ind2=" ">
    <subfield code="a">King, Kendall A.,</subfield>
    <subfield code="d">1969-</subfield>
  </datafield>
  <datafield tag="710" ind1="2" ind2=" ">
    <subfield code="a">Project Muse.</subfield>
    <subfield code="e">distributor</subfield>
  </datafield>
  <datafield tag="830" ind1=" " ind2="0">
    <subfield code="a">Book collections on Project MUSE.</subfield>
  </datafield>
  <datafield tag="856" ind1="4" ind2="0">
    <subfield code="z">Full text available: </subfield>
    <subfield code="u">https://muse.jhu.edu/book/13067/</subfield>
  </datafield>
  <datafield tag="945" ind1=" " ind2=" ">
    <subfield code="a">Project MUSE - Archive Complete Foundation</subfield>
  </datafield>
  <datafield tag="945" ind1=" " ind2=" ">
    <subfield code="a">Project MUSE - Archive Language and Linguistics Foundation</subfield>
  </datafield>
  <datafield tag="999" ind1=" " ind2=" ">
    <subfield code="c">24136</subfield>
    <subfield code="d">24136</subfield>
  </datafield>
  <datafield tag="952" ind1=" " ind2=" ">
    <subfield code="0">0</subfield>
    <subfield code="1">0</subfield>
    <subfield code="2">lcc</subfield>
    <subfield code="4">0</subfield>
    <subfield code="7">0</subfield>
    <subfield code="a">DL</subfield>
    <subfield code="b">DL</subfield>
    <subfield code="c">OA</subfield>
    <subfield code="d">2021-01-27</subfield>
    <subfield code="l">0</subfield>
    <subfield code="o">P40.5.L28 S87 2008</subfield>
    <subfield code="r">2021-01-27</subfield>
    <subfield code="u">https://muse.jhu.edu/book/13067/</subfield>
    <subfield code="w">2021-01-27</subfield>
    <subfield code="y">EBOOK</subfield>
  </datafield>
</record>
